000 00485nam a22001577a 4500
003 BD-DhUL
005 20170516132431.0
008 170516b1998 bg ||||| |||| 00| 0 ben
040 _aBD-DhUL
_cBD-DhUL
082 _a375
_bALS
100 1 _aআলী, মো: আজহার
245 1 0 _aশিক্ষানীতি /
_cমো: আজহার আলী
260 _aঢাকা :
_bআলী,
_c1998.
300 _a১০৩ পৃ. ;
_c২১ সেমি.
942 _2ddc
_cBK
999 _c197554
_d197554